Datum a čas kvízu

37.5 Celkem bodů Celkový počet nahraných bodů na tomto kvízu bez doplňovacích otázek.
8. Pořadí na kvízu Konečné umístění týmu na tomto kvízu.

Zaznamenané odpovědi

# Otázka Odpověď Body Výsledky
1. V úterý jsme si připomněli Den... Ve Staré Boleslavi. 1
2. Francouzský prezident Emmanuel... Vodní skútr. 1
3. V úterý měl v Londýně světovou... Není čas zemřít (No Time to Die) 1
4. Provozovatel sociální sítě Ins... Instagram Kids 0
5. Osm zápasů a dost. Hokejová ex... Ve Zlíně. 0
6. Pojďme se podívat na leváky, k... B 1
7. V roce 1956 se v Praze narodil... Yonex 0
8. Obyvatelé arktických oblastí U... Inuité 1
9. Dabér Jaromír Meduna propůjčil... Levák Bob 1
10. Levákem byl i slavný vojevůdce... Na Korsice. 1